Most Densely Populated US Cities Quiz Stats

 Plays Quiz Updated Jan 29, 2012

Challenge
Share
Tweet
Embed
Score 0/10 Timer 04:00
17 Plays Today
Population per Square Mile US City % Correct
26,821.3New York
99.6%
11,841.8Chicago
90%
12,792.7Boston
82.4%
11,379.5Philadelphia
74.1%
11,135.9Miami
74.1%
17,179.2San Francisco
70.9%
9,856.5Washington
67.1%
11,458.3Newark
38%
9,191.2Long Beach
7.4%
12,094.7Santa Ana
3.8%

You're not logged in!

Compare scores with friends on all Sporcle quizzes.
Join for Free
OR
Log In

You Might Also Like...

Show Comments

Extras

Top Quizzes Today


Score Distribution

Your Account Isn't Verified!

In order to create a playlist on Sporcle, you need to verify the email address you used during registration. Go to your Sporcle Settings to finish the process.

Report this User

Report this user for behavior that violates our Community Guidelines.

Details: